Sebening air mata pagi

Bibliographic Details
Main Author: Noora Mohd. Zawi
Format: Book
Published: Kuala Lumpur : Creative Enterprise Sdn.Bhd. , 1995
Series:Novel Remaja Creative
Subjects:

MARC

LEADER 00000cam a2200000 7i4500
001 0000008017
002 000008751
005 20000330.0
020 |a 9838932000 
090 0 0 |a F   |b NOO 
100 0 |a Noora Mohd. Zawi 
245 1 0 |a Sebening air mata pagi   |c Noora Mohd Zawi 
260 |a Kuala Lumpur :   |b Creative Enterprise Sdn.Bhd. ,   |c 1995 
300 |a 113p. ;   |c 17cm. 
490 0 |a Novel Remaja Creative 
650 0 0 |a General fiction, Malay 
999 |a 042341   |b BUKU   |c PINJAMAN   |e PERPUSTAKAAN KOMUNITI PETALING JAYA 
999 |a 042343   |b BUKU   |c PINJAMAN   |e PERPUSTAKAAN KOMUNITI PETALING JAYA